[Event "GER-ch Blitz Women 2020"]
[Site "Magdeburg"]
[Date "2020.08.15"]
[Round "9.9"]
[White "Zeller, Elisa"]
[Black "Sieber, Fiona"]
[Result "0-1"]
[WhiteElo "1969"]
[BlackElo "2201"]
[Annotator "RC"]
[PlyCount "126"]
[EventDate "2020.07.28"]
[EventType "tourn"]
[EventCountry "GER"]
[SourceTitle "playchess.com"]
[Source "ChessBase"]
[SourceQuality "1"]
[TimeControl "180+2"]

1. e4 {[%emt 0:00:00]} c5 {[%emt 0:00:00]} 2. Nf3 {[%emt 0:00:00]} d6 {[%emt 0:00:01]} 3. d4 {[%emt 0:00:02]} cxd4 {[%emt 0:00:01]} 4. Nxd4 {[%emt 0:00:02]} Nf6 {[%emt 0:00:02]} 5. Nc3 {[%emt 0:00:01]} Nc6 {[%emt 0:00:02]} 6. Be2 {[%emt 0:00:03]} e5 {[%emt 0:00:02]} 7. Ndb5 {[%emt 0:00:06]} a6 {[%emt 0:00:04]} 8. Na3 {[%emt 0:00:02]} b5 {[%emt 0:00:03]} 9. Nd5 {[%emt 0:00:08]} Nxe4 {[%emt 0:00:35]} 10. Bf3 {[%emt 0:00:06]} Bf5 {[%emt 0:00:22]} 11. Ne3 {[%emt 0:00:19]} Bg6 {[%emt 0:00:48]} 12. O-O {[%emt 0:00:25]} Nd4 {[%emt 0:00:21]} 13. c3 {[%emt 0:00:10]} Nxf3+ {[%emt 0:00:03]} 14. Qxf3 {[%emt 0:00:08]} Be7 {[%emt 0:00:13]} 15. Nd5 {[%emt 0:00:25]} O-O {[%emt 0:00:02]} 16. Be3 {[%emt 0:00:11]} Rb8 {[%emt 0:00:09]} 17. Rfd1 {[%emt 0:00:10]} f5 {[%emt 0:00:02]} 18. c4 {[%emt 0:00:21]} b4 {[%emt 0:00:04]} 19. Nb1 {[%emt 0:00:02]} f4 {[%emt 0:00:04]} 20. Bc1 {[%emt 0:00:12]} Ng5 {[%emt 0:00:16]} 21. Nxe7+ {[%emt 0:00:04]} Qxe7 {[%emt 0:00:01]} 22. Qd5+ {[%emt 0:00:02]} Kh8 {[%emt 0:00:03]} 23. Nd2 {[%emt 0:00:22]} e4 {[%emt 0:00:05]} 24. Nb3 {[%emt 0:00:08]} f3 {[%emt 0:00:04]} 25. g3 {[%emt 0:00:02]} Nh3+ {[%emt 0:00:04]} 26. Kf1 {[%emt 0:00:04]} Rbd8 {[%emt 0:00:02]} 27. Nd4 {[%emt 0:00:02]} Bf7 {[%emt 0:00:02]} 28. Nc6 {[%emt 0:00:04]} Bxd5 {[%emt 0:00:03]} 29. Nxe7 {[%emt 0:00:01]} Bxc4+ {[%emt 0:00:02]} 30. Ke1 {[%emt 0:00:00]} Rfe8 {[%emt 0:00:03]} 31. Nc6 {[%emt 0:00:02]} d5 {[%emt 0:00:02]} 32. Nxd8 {[%emt 0:00:02]} Rxd8 {[%emt 0:00:01]} 33. Be3 {[%emt 0:00:02]} Kg8 {[%emt 0:00:02]} 34. Rac1 {[%emt 0:00:01]} Bb5 {[%emt 0:00:02]} 35. b3 {[%emt 0:00:01]} Kf7 {[%emt 0:00:02]} 36. Rc7+ {[%emt 0:00:02]} Kf6 {[%emt 0:00:02]} 37. Bd4+ {[%emt 0:00:01]} Ke6 {[%emt 0:00:01]} 38. Rxg7 {[%emt 0:00:03]} Rc8 {[%emt 0:00:03]} 39. Rb7 {[%emt 0:00:05]} Rc2 {[%emt 0:00:01]} 40. Rb6+ {[%emt 0:00:03]} Ke7 {[%emt 0:00:02]} 41. Bf6+ {[%emt 0:00:02]} Kf7 {[%emt 0:00:00]} 42. Rxd5 {[%emt 0:00:04]} Re2+ {[%emt 0:00:03]} 43. Kd1 {[%emt 0:00:01]} Nxf2+ {[%emt 0:00:01]} 44. Kc1 {[%emt 0:00:01]} Nd3+ {[%emt 0:00:03]} 45. Kd1 {[%emt 0:00:02]} Re1+ {[%emt 0:00:03]} 46. Kc2 {[%emt 0:00:01]} Rc1+ {[%emt 0:00:02]} 47. Kd2 {[%emt 0:00:01]} Rh1 {[%emt 0:00:03]} 48. Bd4 {[%emt 0:00:05]} Rxh2+ {[%emt 0:00:02]} 49. Kd1 {[%emt 0:00:02]} Rxa2 {[%emt 0:00:03]} 50. Rb7+ {[%emt 0:00:02]} Ke6 {[%emt 0:00:02]} 51. Rd8 {[%emt 0:00:04]} Nf2+ {[%emt 0:00:04]} 52. Bxf2 {[%emt 0:00:01]} Rxf2 {[%emt 0:00:02]} 53. Rg8 {[%emt 0:00:05]} e3 {[%emt 0:00:03]} 54. Rb6+ {[%emt 0:00:02]} Kf5 {[%emt 0:00:02]} 55. Rf8+ {[%emt 0:00:01]} Kg4 {[%emt 0:00:02]} 56. Rg8+ {[%emt 0:00:03]} Kh3 {[%emt 0:00:02]} 57. Rh6+ {[%emt 0:00:02]} Kg2 {[%emt 0:00:01]} 58. Re8 {[%emt 0:00:03]} e2+ {[%emt 0:00:01]} 59. Kd2 {[%emt 0:00:01]} Rf1 {[%emt 0:00:02]} 60. Re3 {[%emt 0:00:04]} Rd1+ {[%emt 0:00:01]} 61. Kc2 {[%emt 0:00:02]} e1=Q {[%emt 0:00:03]} 62. Rxe1 Rxe1 {[%emt 0:00:01]} 63. g4 {[%emt 0:00:02]} f2 {[%emt 0:00:01]} 0-1

[Event "GER-ch Blitz Women 2020"]
[Site "Magdeburg"]
[Date "2020.08.15"]
[Round "10.1"]
[White "Paehtz, Elisabeth"]
[Black "Sieber, Fiona"]
[Result "1-0"]
[WhiteElo "2473"]
[BlackElo "2201"]
[Annotator "TA"]
[PlyCount "51"]
[EventDate "2020.07.28"]
[EventType "tourn"]
[EventCountry "GER"]
[SourceTitle "playchess.com"]
[Source "ChessBase"]
[SourceQuality "1"]

{[%evp 14,51,0,0,47,62,47,50,41,37,124,137,122,115,1194,1160,2822,758,742,637,611,438,1806,503,480,268,269,270,405,400,1182,1172,1148,1020,1008,1030,1023,1014,1012,952]} 1. d4 Nf6 2. Nf3 e6 3. Bf4 d5 4. e3 Bd6 5. Bg3 O-O 6. Nbd2 c5 7. c3 Nc6 {7...Qc7 injects fresh life into this line.} 8. Bd3 Qc7 {D02: 1 d4 d5 2 Nf3 sidelines, including 2...Nf6 3 g3 and 2...Nf6 3 Bf4.} 9. dxc5 Bxg3 10. hxg3 e5 {Threatens to win with ...e4.White is slightly better.} 11. e4 {Strongly threatening exd5.} dxe4 ({Black should try} 11... Ne7 $14) 12. Nxe4 $16 Nxe4 13. Bxe4 f5 $2 {[%mdl 8192]} (13... h6 $16) 14. Bd5+ $18 Kh8 {[#]} 15. Ng5 $146 (15. Nh4 $142 g5 16. Ng6+ {[%mdl 64] Double Attack} Kg7 17. Qh5 $1 {[%mdl 576] Double Attack}) ({Predecessor:} 15. Nh4 Ne7 16. Ng6+ Nxg6 17. Rxh7+ {1-0 (17) Korchmar,V (2451)-Vetokhin,S (2349) chess.com INT 2020}) 15... h6 {[#]} 16. Qh5 $1 {White threatens Qg6 and mate.} Ne7 17. Nf7+ Kh7 {[#]} (17... Rxf7 $142 18. Bxf7 a5) 18. Bb3 (18. Nxh6 $142 $1 {[%csl Gh5][%cal Rh6f5][%mdl 512]} g6 (18... gxh6 19. Qxh6#) 19. Qh3 Nxd5 20. Nxf5+ {[%mdl 64] Discovered Attack} Kg8 21. Qh8+ Kf7 22. Nd6+ Qxd6 23. Qh7+ Kf6 24. cxd6) 18... Qc6 19. Nxe5 (19. O-O-O $142 Qg6 20. Qxg6+ Nxg6 21. Rd6) 19... Qe4+ 20. Qe2 Qxg2 (20... Qxe2+ {is a better defense.} 21. Kxe2 b6 22. cxb6 axb6) 21. O-O-O f4 (21... Qe4 $142 22. Rhe1 Qxe2 23. Rxe2 Nc6 24. Nxc6 bxc6) 22. Rdg1 {White is clearly winning.} f3 23. Qd2 Bf5 24. Rxg2 fxg2 25. Rg1 Rad8 26. Qe2 {White took control after the opening. Accuracy: White = 40%, Black = 28%.} 1-0

[Event "GER-ch Blitz Women 2020"]
[Site "Magdeburg"]
[Date "2020.08.15"]
[Round "10.2"]
[White "Skibbe, Diana"]
[Black "Zeller, Elisa"]
[Result "1-0"]
[WhiteElo "1991"]
[BlackElo "1969"]
[Annotator "TA"]
[PlyCount "79"]
[EventDate "2020.07.28"]
[EventType "tourn"]
[EventCountry "GER"]
[SourceTitle "playchess.com"]
[Source "ChessBase"]
[SourceQuality "1"]

{[%evp 14,79,11,-51,25,0,125,0,0,-58,0,-22,-23,-128,-23,-23,-23,-23,-22,-19,-15,-73,-88,-85,-80,-83,64,72,57,44,62,62,65,78,131,12,25,0,0,0,18,0,143,115,115,107,112,68,171,35,139,142,168,50,125,62,138,133,104,88,201,187,248,241,306,320,338,302]} 1. e4 e6 2. d4 d5 3. Nc3 Bb4 4. e5 c5 5. a3 Bxc3+ 6. bxc3 Ne7 7. Qg4 O-O 8. h4 (8. Nf3 $11) 8... c4 {[#] C18: French: 3 Nc3 Bb4: Main line: 7 h4 and 7 Qg4.} ({Better is} 8... Qc7 $15 9. Kd1 Nf5) 9. Be2 $146 ({Predecessor:} 9. h5 f6 10. f4 Nbc6 11. Rh3 Bd7 12. Nf3 Nf5 13. Be2 Qe7 14. exf6 Qxf6 15. Ne5 Nxe5 16. fxe5 {1-0 (56) Martinez,J (2160)-Ospina,C (1959) Charala 2010}) 9... f5 (9... Qa5 $11 10. Bd2 Nbc6) 10. exf6 (10. Qg3 $16) 10... Rxf6 $11 {The position is equal.} 11. Bg5 (11. Qg3 $11) 11... Rf7 (11... Qa5 $1 $15 12. Bd2 (12. Bxf6 $2 Qxc3+ {[%mdl 64] Double Attack} 13. Kf1 Qxa1+ 14. Bd1 Nf5 $19) 12... Qa4) 12. Nf3 Nbc6 13. O-O (13. Qg3 $11 {remains equal.}) 13... e5 (13... Qa5 $1 $17 14. Bd2 e5) 14. Qg3 e4 15. Ne5 Nxe5 16. Qxe5 h6 17. Be3 (17. Bh5 $11 Rf5 18. Qxe7 Qxe7 19. Bxe7 Rxh5 20. f3 exf3 21. Rxf3) 17... Ng6 $17 18. Qg3 Nxh4 19. Bh5 Nf5 (19... Rf8 $17) 20. Bxf7+ $14 Kxf7 21. Qf4 (21. Qh2 {is more complex.} Kg8 22. Bf4 Qa5 23. g4 Ne7 24. Bd6) 21... Kg8 22. Rab1 b6 23. a4 Qe7 {[#]} (23... Qe8 $142) 24. Rb5 (24. a5 $1 $16 {[%mdl 512]}) 24... Be6 $11 25. Qe5 {a5 is the strong threat.} Qf7 26. Bf4 {aiming for a5.} Re8 27. Qc7 {Black must now prevent Qxf7+.} Ne7 (27... Re7 $11 {keeps the balance.} 28. Qb8+ Re8) 28. Bg3 $36 {[%mdl 2048] Keeping Black busy.} Nc8 29. Qxf7+ Bxf7 30. Re1 Ne7 (30... a6 $14 31. Rbb1 Re7) 31. Rbb1 (31. a5 $18) 31... Nf5 (31... Nc6 $1 $14) 32. Be5 $16 Bg6 {[#]} 33. f4 (33. a5 $1 $18 {[%mdl 512]}) 33... Ne7 {[#]} ({Black should try} 33... exf3 $14 34. a5 fxg2) 34. g4 ({White should play} 34. a5 $1 $16 {[%mdl 512]}) 34... Nc6 (34... h5 $1 $14) 35. f5 Bf7 36. Bf4 Na5 (36... Rf8 $16) 37. Kf2 $18 Nc6 (37... Re7 $142 38. Bd6 Rd7) 38. Ke3 Kh7 39. Rh1 Ne7 40. Rbg1 {Accuracy: White = 49%, Black = 30%.} 1-0

[Event "GER-ch Blitz Women 2020"]
[Site "Magdeburg"]
[Date "2020.08.15"]
[Round "10.3"]
[White "Scognamiglio, Stefanie"]
[Black "Kosovska, Olena"]
[Result "1-0"]
[WhiteElo "2097"]
[BlackElo "1881"]
[Annotator "TA"]
[PlyCount "82"]
[EventDate "2020.07.28"]
[EventType "tourn"]
[EventCountry "GER"]
[SourceTitle "playchess.com"]
[Source "ChessBase"]
[SourceQuality "1"]

{[%evp 12,82,22,14,38,31,54,15,4,9,16,12,14,-24,-35,-26,0,-53,0,0,0,0,7,0,79,79,83,60,78,69,53,0,155,111,210,210,197,216,255,201,281,266,282,192,355,261,371,272,354,350,326,329,427,418,608,573,903,887,1089,1049,1042,1018,1240,1215,1530,1345,4290,3170,2905,2261,29990,29989,29990]} 1. e4 e5 2. Nf3 Nc6 3. Bc4 Nf6 4. c3 Be7 5. d3 O-O 6. O-O d6 7. h3 Be6 {C55: Two Knights: 4 d3, 4 d4 exd4 5 e5 and Max Lange Attack.} 8. Nbd2 {[#]} Na5 $146 ({Predecessor:} 8... Kh8 9. a4 h6 10. Bxe6 fxe6 11. Nh4 Kh7 12. b4 Nxe4 13. Nxe4 Bxh4 14. b5 Nb8 15. Qg4 {1-0 (46) Fabregas,O (1742)-Hund,S (1552) Playchess.com INT 2020}) 9. Bb5 a6 {The position is equal.} 10. Ba4 b5 11. Bc2 c5 12. b4 Nc6 13. a3 Rc8 14. Bb2 (14. Ng5 $11) 14... h6 (14... Nh5 $15) 15. d4 $11 cxd4 16. cxd4 exd4 17. Nxd4 Ne5 (17... Nxd4 $11 {keeps the balance.} 18. Bxd4 Nd7) 18. Nxe6 $16 fxe6 19. Bb3 Nc4 $1 {[%cal Rc4b2]} 20. Nxc4 bxc4 21. Ba2 ({Better is} 21. Ba4 $14) 21... Nxe4 $2 {[#] White now steadily converts the win.} (21... d5 $11 22. exd5 exd5) 22. Qd4 $1 {[%csl Gb2][%cal Rd4g7][%mdl 512]} Nf6 (22... Bf6 $16 23. Qxe4 Bxb2) 23. Bxc4 $18 {[%mdl 64] Double Attack} d5 24. Bxa6 Rc2 25. Rab1 Qd6 26. Bd3 Rcc8 27. Qe5 Qb6 $2 {[#]} (27... Qxe5 28. Bxe5 Nd7) 28. Bd4 Qc6 (28... Qd6 $142 29. Rfe1 Qxe5 30. Rxe5 Kf7) 29. b5 Qd7 30. a4 {[%cal Ba3a4,Ba4a5,Ba5a6][%mdl 32]} Bd6 31. Qe2 Bb8 32. Be5 Rfe8 (32... Ne4 $142 33. Bxb8 Rxb8 34. Bxe4 dxe4 35. Qxe4 Rb6) 33. a5 Ne4 34. Bxb8 Rxb8 35. Bxe4 dxe4 36. b6 {[%cal Bb5b6,Bb6b7][%mdl 32]} Qd5 37. a6 Qc6 38. b7 Re7 39. Rfc1 Qa4 40. Ra1 Qb5 41. Rc8+ Rxc8 {Accuracy: White = 62%, Black = 32%.} 1-0

[Event "GER-ch Blitz Women 2020"]
[Site "Magdeburg"]
[Date "2020.08.15"]
[Round "10.4"]
[White "Michna, Marta"]
[Black "Muetsch, Annmarie"]
[Result "1-0"]
[WhiteElo "2350"]
[BlackElo "2219"]
[Annotator "TA"]
[PlyCount "94"]
[EventDate "2020.07.28"]
[EventType "tourn"]
[EventCountry "GER"]
[SourceTitle "playchess.com"]
[Source "ChessBase"]
[SourceQuality "1"]

{[%evp 9,94,0,0,-6,4,-63,-61,-99,-110,-77,-63,-58,28,-42,-43,-39,-35,-93,-107,-128,-139,-143,-88,-149,0,-83,-83,-73,-58,-127,-50,-120,-66,-127,-70,-129,33,31,22,-6,50,42,46,15,31,-67,37,37,40,35,29,12,12,-14,-14,-11,47,45,56,31,69,0,13,-6,0,0,66,17,19,0,63,10,86,58,202,81,108,61,159,152,152,160,416,333,29998,29999,29999]} 1. d4 Nf6 2. c3 g6 3. Nf3 Bg7 4. Bf4 d6 5. h3 Nbd7 6. Nbd2 {A48: 1 d4 Nf6 2 Nf3 g6: Torre, London and Colle Systems.} c5 7. dxc5 (7. e4 $11) 7... Nxc5 $15 8. e4 {Black is slightly better.} O-O 9. Qc2 e5 (9... b6 10. b4 Ne6 11. Be3 Bb7 12. Bd3 Rc8 13. O-O Nh5 14. c4 Bxa1 15. Rxa1 Nhf4 16. Bf1 d5 17. exd5 Nxd5 {1-0 (40) Michna,M (2355)-Muetsch,A (2266) Magdeburg 2019}) 10. Be3 {[#]} h6 $146 (10... Qc7 $15) ({Predecessor:} 10... Qc7 11. Rd1 d5 12. Bxc5 Qxc5 13. Nb3 Qc6 14. exd5 Nxd5 15. Be2 Nf4 16. O-O Bf5 {0-1 (60) Michna,M (2377)-Lagno,K (2547) Riadh 2017}) 11. Rd1 (11. Nxe5 $11 Qe7 12. Bxc5) 11... Qc7 12. Be2 b6 13. b4 (13. Bxc5 $15 dxc5 14. O-O) 13... Ne6 $17 14. O-O Bb7 15. Rfe1 Rac8 (15... d5 $142 {And now ...d4! would win.} 16. exd5 Nxd5) 16. Rc1 (16. c4 $142) 16... g5 (16... d5 $17 {Hoping for ...d4!} 17. exd5 Nxd5) 17. Bf1 (17. c4 $11) 17... d5 18. exd5 Nxd5 19. Qb3 (19. c4 $15) 19... Ndf4 (19... Nxe3 $17 20. fxe3 Qd7) 20. g3 (20. Bxf4 $1 $15 Nxf4 21. g3) 20... Ng6 (20... Qc6 $17 21. b5 (21. gxf4 gxf4 22. Qc4 Qa4 $17) 21... Qc7) 21. Bg2 (21. Bd3 $15 Qd7 22. Be4) 21... Kh8 (21... Rfd8 $17 22. Nf1 Bd5) 22. c4 (22. a4 $15) 22... Nd4 $2 (22... e4 $17 23. Nh2 f5) 23. Bxd4 $14 exd4 24. Qd3 Rcd8 ({Black should try} 24... Qd7 $11) 25. c5 Bd5 26. a3 f5 27. Nc4 (27. c6 $14) 27... Be4 (27... bxc5 $15 28. Ncd2 Qf7 29. Rxc5 g4) 28. Rxe4 fxe4 29. Qxe4 Qf7 30. Nd6 Qf6 31. Rf1 {[%cal Bc1f1,Bf1d1,Bd1d2,Bd2e2][%mdl 32]} bxc5 32. bxc5 Rxd6 ({Better is} 32... Ne5 $11 33. Nxe5 (33. Nxd4 Nd7 $15) 33... Qxe5) 33. cxd6 Qxd6 34. Rd1 Rd8 35. Nh2 (35. Rd2 $14) 35... Ne5 $11 36. Qf5 Qf6 37. Qe4 Rf8 (37... d3 $11) 38. Rd2 Nc4 39. Re2 Nd6 ({Don't go for} 39... Nxa3 $2 40. Qd3 $18) (39... Qd6 $11 40. Ra2 Qb8) 40. Qd3 ({White should play} 40. Qd5 $14) 40... h5 (40... Qf5 $11 {keeps the balance.} 41. Qxf5 Rxf5) 41. g4 h4 {[#]} (41... hxg4 $14 42. hxg4 Qf7) 42. Nf3 (42. Bd5 $1 $18 {is the precise move to win.}) 42... Qf4 43. Nd2 Rc8 (43... Nf7 $14) 44. Qg6 $16 {Threatens to win with Bd5.} Rc1+ 45. Nf1 {Black must now prevent Be4.} Rc8 $2 ({Avoid the trap} 45... Qf6 $2 46. Qxf6 Bxf6 47. Re6 $18) (45... d3 $16 46. Re7 {[%mdl 64] Double Attack} Qf6 47. Rxg7 Qxg6 48. Rxg6 d2 49. Rxd6 d1=Q 50. Rxd1 Rxd1) 46. Bd5 {[#] Threatening mate with Qh5+.} ({Not} 46. Re7 Qf6 $18) 46... Rg8 $2 (46... Qf6 $18 47. Qxf6 Bxf6) 47. Qh5+ Bh6 {Accuracy: White = 41%, Black = 35%.} 1-0

[Event "GER-ch Blitz Women 2020"]
[Site "Magdeburg"]
[Date "2020.08.15"]
[Round "10.5"]
[White "Osmanodja, Filiz"]
[Black "Birkholz, Olga"]
[Result "1-0"]
[WhiteElo "2293"]
[BlackElo "2001"]
[Annotator "TA"]
[PlyCount "98"]
[EventDate "2020.07.28"]
[EventType "tourn"]
[EventCountry "GER"]
[SourceTitle "playchess.com"]
[Source "ChessBase"]
[SourceQuality "1"]

{[%evp 14,98,40,31,30,27,40,39,56,16,45,39,49,58,41,0,51,23,75,15,14,20,47,41,104,41,211,166,175,108,112,106,202,191,182,169,220,222,216,227,295,225,352,333,329,314,339,115,292,0,533,522,529,512,483,420,380,382,687,368,334,332,327,323,461,400,425,427,391,353,490,481,553,542,582,258,264,262,455,455,517,517,880,862,977,978,710]} 1. e4 c5 2. Nc3 d6 3. Nf3 Nf6 4. d4 cxd4 5. Nxd4 a6 6. Be3 e5 7. Nf3 h6 8. Bc4 {Nxe5! is the strong threat.} Qc7 {B90: Sicilian Najdorf: Unusual White 6th moves, 6 Be3 Ng4 and 6 Be3 e5.} 9. Bb3 Be6 10. O-O Be7 {White is slightly better.} 11. Nd5 Bxd5 {[#]} 12. exd5 $146 ({Predecessor:} 12. Bxd5 Nxd5 13. Qxd5 Nd7 14. c4 O-O 15. h3 Rac8 16. b3 Qc6 17. Nd2 Qxd5 18. cxd5 {½-½ (47) Skrzypczak,A (2028)-Jablonska,S (1876) Suchedniow 2010}) 12... Nbd7 13. c4 O-O 14. a4 Ng4 (14... b5 $11) 15. Bd2 $14 f5 (15... e4 $11 16. Nd4 Nge5) 16. h3 (16. Bc2 $1 $16) 16... Ngf6 $11 17. a5 Nc5 18. Bc2 Nfe4 (18... Nce4 $14) 19. Be1 (19. Be3 $1 $16) 19... g5 $2 (19... Ng5 $14) 20. b4 Nd7 21. Bb3 ({White should play} 21. Bd3 $18) 21... Kg7 22. Rc1 g4 {[#]} (22... Rac8 $16) 23. hxg4 $1 $18 fxg4 24. Nd2 {[%mdl 64] Discovered Attack} Ng5 (24... Rf4 $142 25. Nxe4 Rxe4) 25. Qxg4 Nf6 {[#]} 26. Qd1 $1 Qd7 27. Nf3 e4 (27... Qf5 $142 28. Nxg5 hxg5) 28. Nxg5 hxg5 29. Bc3 Rh8 30. Qd2 $2 (30. f3 $18 {and White stays clearly on top.}) 30... Qf5 $2 (30... Qg4 $16) 31. Rce1 $2 (31. f3 $18) 31... Kg6 $2 {[%mdl 8192]} (31... g4 $1 $11 32. Rxe4 {[%mdl 64] Pin} (32. f3 $2 g3 $19) 32... Kf7 33. Rxe7+ Kxe7 34. Re1+ Kd7 35. Ba4+ Kc8) 32. f3 {Black must now prevent fxe4.} Qf4 33. Qxf4 gxf4 34. Bc2 Kg5 35. fxe4 Rh4 $2 (35... Nh5 36. Bxh8 Rxh8) 36. Rf3 Rah8 {and the idea ...Rh1+ leaves Black hopeful.} 37. Kf2 Ng4+ 38. Ke2 Ne3 (38... Rc8 $142 39. Kd3 Nh2) 39. Rxe3 fxe3 40. Bxh8 Rxh8 41. Kxe3 {[%mdl 4096] Endgame KRB-KRB} Bf6 42. Rf1 Be5 43. Rf7 Rh2 44. Rxb7 (44. c5 $142) 44... Rxg2 45. Bd1 Rb2 $2 (45... Bf4+ 46. Kf3 Rg3+ 47. Kf2 Ra3) 46. b5 {White is clearly winning.} Bf4+ 47. Kf3 axb5 (47... Ra2 $142 48. Rg7+ Kf6) 48. a6 {[%cal Ba5a6,Ba6a7][%mdl 32]} Be5 49. a7 Ra2 {Accuracy: White = 61%, Black = 24%.} 1-0

[Event "GER-ch Blitz Women 2020"]
[Site "Magdeburg"]
[Date "2020.08.15"]
[Round "10.6"]
[White "Braun, Kristin"]
[Black "Zimmer, Elke"]
[Result "0-1"]
[WhiteElo "1918"]
[BlackElo "1952"]
[Annotator "TA"]
[PlyCount "114"]
[EventDate "2020.07.28"]
[EventType "tourn"]
[EventCountry "GER"]
[SourceTitle "playchess.com"]
[Source "ChessBase"]
[SourceQuality "1"]

{[%evp 13,114,52,47,54,93,79,112,93,112,68,77,66,70,63,81,79,73,62,59,38,62,54,56,40,70,51,60,35,14,-18,-35,-28,-35,-116,-35,-50,55,-29,45,-70,9,-39,157,35,114,-433,-410,-416,-435,-396,-266,-273,-241,-243,24,-502,-156,-260,25,25,26,-289,-288,-793,-763,-921,-917,-880,-806,-1015,-561,-1141,-1121,-1105,-1064,-1047,-1064,-6175,-6045,-5235,-5152,-3384,-2133,-29984,-29985,-29985,-29986,-29988,-29988,-29990,-29988,-29991,-29989,-29991,-29990,-29990,-29991,-29991,-29988,-29991,-29990,-29990,-29991]} 1. e4 d6 2. d4 g6 3. c4 Bg7 4. Nc3 Nf6 5. Nf3 O-O 6. Be2 Re8 7. O-O e5 {White should prevent ...exd4.} 8. d5 {E91: King's Indian: Classical: 6 Be2, unusual replies including 6...c5 and 6...Bg4.} c5 9. Bg5 {[#]} a6 $146 ({Predecessor:} 9... h6 10. Bd2 Nbd7 11. a3 b6 12. g3 Nh7 13. Qc1 h5 14. Ng5 Nxg5 15. Bxg5 Bf6 16. Bxf6 Nxf6 {½-½ (44) Gozzoli,Y (2523)-Felgaer,R (2586) La Massana 2013}) 10. Nd2 {White is better.} h6 11. Bh4 g5 12. Bg3 Nbd7 13. a3 Nf8 14. b4 b6 15. f3 Ng6 16. Qb3 Bd7 17. Bf2 Nf4 18. Rfe1 Rb8 19. Bf1 g4 20. Bh4 Ng6 21. Bg3 h5 $1 22. fxg4 Nxg4 23. h3 (23. Nd1 $15) 23... Bh6 (23... h4 $17 24. Bxh4 Qxh4 25. hxg4 Bh6) 24. Nf3 $15 Nf6 (24... h4 $15 25. Nxh4 Be3+ 26. Rxe3 Nxe3) 25. Be2 ({White should try} 25. Bf2 $14) 25... a5 (25... Be3+ $11 26. Kh1 Bd4) 26. b5 ({Better is} 26. Bf2 $14) 26... Qc8 (26... Kh8 $15) 27. Qc2 h4 $2 (27... Bxh3 $1 $15 {keeps the upper hand.} 28. Bd1 Bd7) 28. Bxh4 (28. Nxh4 $16 Be3+ 29. Kh2) 28... Nh5 (28... Nxh4 $14 29. Nxh4 Bg5) 29. Nxe5 $2 {[%mdl 8192]} (29. Nh2 $16 {keeps the pressure on.}) 29... Rxe5 $19 30. Bxh5 Rxh5 31. Bg3 {[#]} Bxh3 $1 {[%mdl 512]} 32. gxh3 Qxh3 ({Weaker is} 32... Rxh3 33. Qg2 $17) 33. Qg2 {[#]} Qg4 $2 (33... Bd2 $1 $19 {[%mdl 512]} 34. Qxh3 (34. Qxd2 Qxg3+) 34... Rxh3) 34. Rf1 $2 {[%mdl 8192]} (34. Bxd6 $11 Qxg2+ 35. Kxg2) 34... Ne5 $2 $40 {[%mdl 128] Black wants a kill.} (34... Be3+ $19 {and Black stays clearly on top.} 35. Bf2 Rg5 36. Qxg4 Rxg4+ 37. Kh2 Kg7) 35. Bxe5 (35. Rf5 $17 Rxf5 36. exf5 Nxc4 37. Ne4) 35... Qxg2+ $2 (35... Be3+ $19 36. Rf2 Bxf2+ 37. Kxf2 Qxg2+ 38. Kxg2 Rxe5) 36. Kxg2 $11 Rxe5 37. Rae1 $2 {[%mdl 8192]} (37. Kf3 $11 {and White has nothing to worry.}) 37... Bd2 $1 $19 {[%csl LRc3,LRe1][%mdl 64] Double Attack} 38. Rg1 $2 (38. Rc1 Bxc1 39. Rxc1) 38... Bxc3 39. Re3 Bd4 {[%mdl 64] Skewer} 40. Rg3+ Kf8 41. Rh1 Ke7 42. Rg7 Rxe4 43. Rg5 Re2+ 44. Kf1 Ra2 45. Rh3 Rh8 46. Rxh8 Bxh8 {[%mdl 4096] Endgame KRB-KR} 47. Rg3 Be5 48. Re3 f5 {Black mates.} 49. Ke1 f4 50. Re4 Kf6 51. Kd1 Kf5 52. Re1 Ra1+ 53. Kd2 Rxe1 54. Kxe1 Ke4 55. Ke2 Kd4 56. a4 Kxc4 57. Kf3 Kxd5 {Accuracy: White = 32%, Black = 36%.} 0-1

[Event "GER-ch Blitz Women 2020"]
[Site "Magdeburg"]
[Date "2020.08.15"]
[Round "10.7"]
[White "Mader, Lena"]
[Black "Frey, Alisa"]
[Result "0-1"]
[WhiteElo "1839"]
[BlackElo "2087"]
[Annotator "TA"]
[PlyCount "56"]
[EventDate "2020.07.28"]
[EventType "tourn"]
[EventCountry "GER"]
[SourceTitle "playchess.com"]
[Source "ChessBase"]
[SourceQuality "1"]

{[%evp 21,56,14,34,8,16,-18,0,-20,47,54,48,50,35,75,45,-80,0,-166,-176,-171,-170,-179,-147,-381,-368,-402,-381,-553,-555,-540,-518,-29971,-29972,-29985,-29986,-29998,-29999]} 1. c4 e5 2. Nc3 Nf6 3. g3 d5 4. cxd5 Nxd5 5. Bg2 Nb6 6. Nf3 Nc6 7. O-O Be7 8. a3 O-O 9. b4 f6 10. d3 Be6 11. Bb2 a6 12. Rc1 {A29: English Opening: Four Knights Variation with 4 g3.} Qd7 13. Re1 {[#]} Rad8 $146 ({Predecessor:} 13... Rfd8 14. Ne4 Bf8 15. Qc2 Qf7 16. Nfd2 Rd7 17. Nc5 Bxc5 18. bxc5 Nd5 19. Rb1 Rc8 {0-1 (33) Polacik,I (2209)-Bochnicka,V (2069) Slovakia 2019}) 14. h4 {The position is equal.} Nd4 (14... a5 $11) 15. Nxd4 $14 exd4 16. Ne4 f5 17. Nc5 Bxc5 18. Rxc5 {[#]} (18. bxc5 $14 {is the one way to stay ahead.} Na4 19. Ba1) 18... Na4 (18... f4 $1 $17 {[%cal Rf4g3] ...fxg3 is the strong threat.} 19. Bc1 fxg3 20. fxg3 Nd5) 19. Qc1 $2 (19. Bc6 $11 bxc6 20. Qxa4 {[%mdl 64] Double Attack}) 19... Nxc5 $19 20. Qxc5 b6 21. Qc1 {[#]} f4 $1 22. Qd2 $2 {Now White is beyond hope.} (22. gxf4 $17 Bd5 23. e4 dxe3 24. Bxd5+ Qxd5 25. Rxe3) 22... Qd6 23. Kh2 Bd5 ({Less strong is} 23... fxg3+ 24. fxg3 Bd5 25. e4 $19) 24. Rf1 (24. Bxd5+ {was necessary.} Qxd5 25. f3) 24... Bxg2 25. Kxg2 fxg3 26. fxg3 (26. f3 $19 Rde8 27. Bc1) 26... Rxf1 {[%mdl 64] Overworked Piece. Black mates.} 27. Kxf1 Qxg3 28. Qg5 Rf8+ {Accuracy: White = 26%, Black = 81%.} 0-1